| 000 | 01073nam a22003017a 4500 | ||
|---|---|---|---|
| 003 | EG-ScBUE | ||
| 005 | 20211017150345.0 | ||
| 008 | 211017s2014 ua f b 000 0 ara d | ||
| 017 | _a2014/2788 | ||
| 020 | _a9789773517038 | ||
| 040 |
_aEG-ScBUE _bara _erda _cEG-ScBUE _dEG-ScBUE |
||
| 043 | _an-us--- | ||
| 082 | 0 | 4 |
_a320.973 _bع م ر _222 |
| 100 | 1 |
_aأبو عمرة، رنا، _eمؤلف. |
|
| 245 | 1 | 0 |
_aأمريكا والدولة الفاشلة / _cرنا أبو عمرة. |
| 250 | _aالطبعة الأولى. | ||
| 264 | 1 |
_aالقاهرة : _bدار ميريت، _c2014. |
|
| 300 |
_a197 صفحة ؛ _c24 سم |
||
| 336 |
_2rdacontent _aنص _btxt |
||
| 337 |
_2rdamedia _aبدون وسيط _bn |
||
| 338 |
_2rdacarrier _aمجلد _bnc |
||
| 504 | _aيشتمل على إرجاعات ببليوجرافية. | ||
| 541 |
_cإهداء ؛ _aد. رنا أبو عمرة. |
||
| 651 | 7 |
_aالولايات المتحدة الأمريكية _xأحوال سياسية. _2BUEsh _941797 |
|
| 653 |
_bBUSBOL _cOctober2021 |
||
| 655 |
_vReading book _934232 |
||
| 942 | _2ddc | ||
| 999 |
_c29601 _d29572 |
||